000 00837pam a2200193 a 4500
999 _c2619
_d2619
020 _a0471111856 (alk. paper)
050 0 0 _aHD8072.5
_b.B35 1996
100 1 _aBallot, Michael.
245 1 0 _aLabor-management relations in a changing environment /
_cMichael Ballot ; with contributions from Laurie Lichter-Heath, Thomas Kail, Ruth Wang.
250 _a2nd ed.
260 _aNew York :
_bWiley,
_cc1996.
300 _axxvi, 618 p. :
_bill. ;
_c25 cm.
440 0 _aWiley series in management
505 _aPART 1. The context of American labor relations 2. Unions and collective bargaining 3. Labor disputes and their resolutions 4. Unionization in the public sector 5. The scope and future of labor-management relations
650 0 _aIndustrial relations
650 0 _aCollective bargaining
650 0 _aLabor unions
942 _cBK